00875nam a2200217 a 4500001001000000003000500010005001700015008004100032010001100073011001100084040000900095100004000104245016300144260004100307500006000348502008600408650002300494650003100517700003900548856007000587000112272CHAP20220329144254.0160120s2015 mx sm |||||||spa d a108733 a109705 cCHAP1 aPosadas Manzano, María Asunción 0aPropuesta para el establecimiento de una procesadora de café en Totutla, Huitzilan de Serdán, Puebla.h[En Linea]cpor María Asunción Posadas Manzano. aChapingo, Méx. :bEl autor,c2015. aPara ver el contenido del material haga clic en la liga aTesis (Ing. Agroindustrial ) -- UACH. Departamento de Ingeniería Agroindustrial14aCaféxIndustria.14aCaféxProcesadoxCostos.1 aNopaltitla Negrete, Sandra Paulina aFinding aiduhttp://10.13.5.2/tesis/sist112272.pdfzTeclea aquí